ARRUPE JESUIT UNIVERSITY

CORONAVIRUS -STOP THE SPREAD - CLEAN,DISINFECT,COVER

Jane Austen (Record no. 118883)

MARC details
000 -LEADER
fixed length control field 00406nam a22001337a 4500
008 - FIXED-LENGTH DATA ELEMENTS--GENERAL INFORMATION
fixed length control field 131202b xxu||||| |||| 00| 0 eng d
050 ## - LIBRARY OF CONGRESS CALL NUMBER
Classification number PR4037.W35 1963
100 ## - MAIN ENTRY--PERSONAL NAME
Personal name Watt, Ian
9 (RLIN) 4529
245 ## - TITLE STATEMENT
Title Jane Austen
Remainder of title a collection of critical esays
260 ## - PUBLICATION, DISTRIBUTION, ETC. (IMPRINT)
Place of publication, distribution, etc Englewood Cliffs
Name of publisher, distributor, etc Prentice-Hall, Inc.
Date of publication, distribution, etc 1963
300 ## - PHYSICAL DESCRIPTION
Extent vi, 184p.;
Dimensions 22cm.
440 ## - SERIES STATEMENT/ADDED ENTRY--TITLE
Title Tewntieth Century Views
9 (RLIN) 4530
942 ## - ADDED ENTRY ELEMENTS (KOHA)
Source of classification or shelving scheme Library of Congress Classification
Item type Monograph ( Printed materials)

No items available.

 

Arrupe Library. PO Box MP320 Mt Pleasant, Harare, Zimbabwe
263 242 745411|librarian@aju.ac.zw